| 000 | 00942nam a2200265 a 4500 | ||
|---|---|---|---|
| 005 | 20130920155131.0 | ||
| 008 | 050105s2004 nyuab b 000 1 eng d | ||
| 020 |
_a0545021375 _c200.00 |
||
| 020 |
_a9780545021371 _c200.00 |
||
| 035 | _aB-389827-852 | ||
| 037 | _bScholastic | ||
| 040 |
_adpl _bEnglish |
||
| 082 | _aS | ||
| 100 | _aStilton, Geronimo | ||
| 245 |
_aThe race across America / _cby Geronimo Stilton; illustrated by Danilo Barozzi, Farancesco Castelli (and) Christian Aliprandi |
||
| 260 |
_aNew York _bScholastic _c2009 |
||
| 270 |
_a557 Broadway _bNew York _e10012 |
||
| 300 |
_a110 p. : _bcol. ill. _c20 cm(pbk) |
||
| 500 | _a"English translation... by Atlantyca | ||
| 700 | _aBarozzi, Danilo | ||
| 700 | _aCastelli, Francesco | ||
| 700 | _aAliprandi, Christian | ||
| 942 |
_2ddc _cCH _hS _mSTI |
||
| 999 |
_c33305 _d33305 |
||